000 00941nam a2200289 a 4500
001 BRL_51
005 20190320210551.0
008 831202s1982 pe-b#####b---#000-0#spa-#
040 _aDLC
_cDLC
_dDLC
041 _aspa
044 _ape
050 4 _aHC228
_b.R86 1982
100 1 _aRumrrill, Roger
_922765
245 1 0 _aAmazonia hoy
_bcrónicas de emergencia
_cRoger Rumrrill.
260 _aIquitos, Perú
_bCETA y CAAAP
_c1982
300 _a177 p.
_bil., mapas
_c21 cm.
440 0 _aSerie Debate amazónico
_922766
500 _aAu90
504 _aIncluye referencias bibliográficas
650 1 4 _aGeopolítica
_zAmazon River Region
_922767
650 1 4 _aCultura popular
_zAmazon River Region
_922768
650 1 4 _aLa fiscalización de drogas
_zAmazon River Region
_922769
651 4 _aAmazon River Region
_xCondiciones económicas
_922770
651 4 _aPerú
_xCondiciones económicas
_y1968-
_922771
902 _aGRL
942 _2lcc
_cB
999 _c8864
_d8864